Стратегический менеджмент: учебное пособие

Dades bibliogràfiques
Autor principal: Шифрин М. Б. Марк Борисович
Sumari:Стратегический менеджмент в современных рыночных условиях, для которых характерна высокая степень нестабильности факторов внешней среды, является наиболее эффективной системой управления организациями. В учебном пособии в доступной форме раскрываются основополагающие принципы теории и практики стратегического управления. В переработанный и дополненный вариант издания вошли актуальные вопросы стратегического менеджмента организации, такие как критерии оценки эффективности стратегии, прогнозирование, стратегии брендинга и инновации, а также современная управленческая концепция, позволяющая перевести стратегию в действие, — система сбалансированных показателей. Книга окажет реальную помощь студентам и аспирантам экономических вузов, изучающим проблемы менеджмента организации, будет полезной руководителям и специалистам организаций, занимающихся формированием новой системы управления.
Idioma:rus
Publicat: Санкт-Петербург, Питер, 2009
Edició:2-е изд.
Col·lecció:Учебное пособие
Matèries:
Format: Llibre
KOHA link:https://koha.lib.tpu.ru/cgi-bin/koha/opac-detail.pl?biblionumber=163661

MARC

LEADER 00000nam0a2200000 4500
001 163661
005 20231101222419.0
010 |a 9785388005830 
035 |a (RuTPU)RU\TPU\book\177566 
035 |a RU\TPU\book\147091 
090 |a 163661 
100 |a 20090820d2009 m y0rusy50 ca 
101 0 |a rus 
102 |a RU 
105 |a a j 001zy 
200 1 |a Стратегический менеджмент  |e учебное пособие  |f М. Б. Шифрин 
205 |a 2-е изд. 
210 |a Санкт-Петербург  |c Питер  |d 2009 
215 |a 320 с.  |c ил. 
225 1 |a Учебное пособие 
320 |a Библиогр.: с. 238-240. 
330 |a Стратегический менеджмент в современных рыночных условиях, для которых характерна высокая степень нестабильности факторов внешней среды, является наиболее эффективной системой управления организациями. В учебном пособии в доступной форме раскрываются основополагающие принципы теории и практики стратегического управления. В переработанный и дополненный вариант издания вошли актуальные вопросы стратегического менеджмента организации, такие как критерии оценки эффективности стратегии, прогнозирование, стратегии брендинга и инновации, а также современная управленческая концепция, позволяющая перевести стратегию в действие, — система сбалансированных показателей. Книга окажет реальную помощь студентам и аспирантам экономических вузов, изучающим проблемы менеджмента организации, будет полезной руководителям и специалистам организаций, занимающихся формированием новой системы управления. 
606 1 |a Стратегический менеджмент  |2 stltpush  |3 (RuTPU)RU\TPU\subj\66055  |9 82290 
610 1 |a экономика 
610 1 |a управление 
610 1 |a стратегии 
610 1 |a Миссия 
610 1 |a диагностика 
610 1 |a конкурентный анализ 
610 1 |a корпоративные стратегии 
610 1 |a конкурентные преимущества 
610 1 |a организационные изменения 
610 1 |a организационная культура 
610 1 |a режим реального времени 
610 1 |a сегментация 
610 1 |a стратегический анализ 
610 1 |a учебные пособия 
610 1 |a термины 
686 |a У9(2)212я73  |v LBC/SL-A  |2 rubbk 
700 1 |a Шифрин  |b М. Б.  |g Марк Борисович 
801 1 |a RU  |b 63413507  |c 20080414  |g PSBO 
801 2 |a RU  |b 63413507  |c 20150825  |g PSBO 
942 |c BK 
959 |a 39/20080403  |d 1  |e 74,70  |f ЧЗГЛ:1 
959 |a 67/20090610  |d 5  |e 176,00  |f УФ:5